000
00406nam a22001697a 4500
003
MPLRDC
005
20220104143118.0
008
210129b ||||| |||| 00| 0 eng d
082
_a
942.1 CDZ
100
_a
程道中编著
245
_a
书法常识浅谈
_c
250
_a
初版
260
_a
_b
马来西亚书艺协会
_c
1990
300
_b
平
650
_a
书体; 笔法
942
_c
BK
_o
942.1 CDZ
999
_c
36740
_d
36730